Statistiken für Alle PDC Premier League Darts Teilnehmer 2018

Klicken Sie hier um das Quiz zu spielen!

Allgemein

  • Dieses Quiz wurde 52 mal gespielt
  • Das Durchschnittsergebnis liegt bei 10 aus 10

Antwortstatistiken

RankingLandDartsspieler% Korrekt
1NiederlandeMichael van Gerwen
100%
7SchottlandPeter Wright
100%
3SchottlandGary Anderson
98%
10WalesGerwyn Price
98%
5NordirlandDaryl Gurney
96%
9ÖsterreichMensur Suljovic
93%
6NiederlandeRaymond van Barneveld
93%
2EnglandMichael Smith
91%
4EnglandRob Cross
91%
8AustralienSimon Whitlock
91%

Verteilung der Resultate

Perzentil nach korrekt beantworteten Fragen

Anzahl Personen mit jedem Resultat

Ihre Resultats-Entwicklung

Sie haben dieses Quiz noch nicht gespielt